000 00762nam a2200217Ii 4500
003 JO-AjNU
008 230605s9999||||xx |||||||||||||| ||und||
017 _a2011/10/3855
040 _aJO-AjNU
_bara
_erda
_cJO-AjNU
041 _aara
050 1 4 _aPJ7960.A22.O98 2013
100 3 _aربابعة، شفيق أحمد,
_eauthor
_951741
245 0 0 _aعيون الأشجان ودرة الزمان
264 3 1 _aعمان: المؤلف، 2013
300 _a189ص
336 _atext
_btxt
_2rdacontent
337 _aunmediated
_bn
_2rdamedia
338 _avolume
_bnc
_2rdacarrier
490 0 _aمكتبة الاسرة الاردنية / مهرجان القراءة للجميع
650 4 _aالعصر الحديث - الشعر العربي الحديث
_951742
999 _aA22879
_c26447
_d26447